Dictionnaire de la langue francaise : lexis

Αποθηκεύτηκε σε:
Λεπτομέρειες βιβλιογραφικής εγγραφής
Άλλοι συγγραφείς: Dubois, Jean, 1920-2015 (Επιμελητής έκδοσης)
Μορφή: Βιβλίο
Γλώσσα:French
Δημοσίευση: Paris : Larousse, c1992.
Θέματα:
Ετικέτες: Προσθήκη ετικέτας
Δεν υπάρχουν, Καταχωρήστε ετικέτα πρώτοι!

MARC

LEADER 00000cam a2200000 i 4500
001 1/56829
008 941103s1992 fre d
020 |a 2033202194 
035 |a 1993  |c ΒΙΒΛΙΟΘΗΚΗ  |l 10045635 
035 |l 10065161 
040 |a GR-MY-UA  |b gre  |e aacr 
041 0 |a fre 
082 0 |a 443  
245 0 0 |a Dictionnaire de la langue francaise :   |b lexis /   |c direction de Jean Dubois.  
260 |a Paris :   |b Larousse,   |c c1992.  
300 |a 2109 σ. ;   |c 24 εκ.  
650 0 0 |a French language  |x Dictionaries. 
700 1 |a Dubois, Jean,   |d 1920-2015,  |e edt 
852 |a INST  |b SAMOS  |e 19941103  |h 443 DIC  |p 005300003184  |q 005300003184  |t REF  |y 23 
852 |a INST  |b SYROS  |e 20001214  |h 443 DIC  |p 005500001829  |q 005500001829  |t REF  |y 23 
901 |a BIBL5-2000-3 
922 |a 5ΕΛΗ  |b 200012  |c ΒΙΒΛΙΟΘΗΚΗ  |d ΜΙΧΑΛΟΠΟΥΛΟΣ 
950 |a 188-2000-10-04 
970 |a ΚΟΝΤΟΥ  |b ΠΑΡΑΣΚΕΥΗ  |z 2001/01/08